|
|
|
|
| LEADER |
00000nab#a22000007a#4500 |
| 001 |
arbauad005862 |
| 003 |
AR-BaUAD |
| 005 |
20250711110731.0 |
| 008 |
941112|||||||||###||||||b###|0###a|spa|| |
| 040 |
|
|
|a AR-BaUAD
|c AR-BaUAD
|b spa
|
| 100 |
|
|
|a Avakian, Adolfo
|
| 245 |
|
|
|a La realidad del desarrollo tecnológico :
|b XI congreso de la IAKS /
|c Adolfo Avakian;
|
| 300 |
0 |
|
|b fot.
|
| 500 |
|
|
|a Congreso Internacional sobre Instalaciones de Tiempo Libre, Deportes y Piscinas (grupo internacional de trabajo para instalaciones deportivas y recreativas)
|
| 653 |
|
|
|a CONGRESOS
|
| 653 |
|
|
|a ARQUITECTURA DEPORTIVA
|
| 773 |
0 |
|
|t SUMMA
|g no. 274 [jun. 1990], p. 101
|
| 942 |
|
|
|c ARTI
|
| 952 |
|
|
|0 0
|1 0
|4 0
|7 0
|9 50782
|a AR-BAuAD
|b AR-BAuAD
|d 2025-07-11
|l 0
|p AAQA005862
|r 2025-07-11 11:07:31
|w 2025-07-11
|y ARTI
|
| 990 |
|
|
|a AQ199
|b TD
|
| 998 |
|
|
|a AAQ
|b BIBUN76
|
| 999 |
|
|
|c 30455
|d 30455
|